| 000 | 01017nam a2200373 a 4500 | ||
|---|---|---|---|
| 003 | AR-BaBNM | ||
| 005 | 20251128205308.0 | ||
| 008 | 082120s2002 ||||||||||||||000 | spa|| | ||
| 040 | _cAR-BaBNM | ||
| 100 | 1 | _aMartí, José | |
| 245 | 0 | 0 |
_aJosé Martí _bobras escogidas en tres tomos : 1869-1885. 1 |
| 250 | _a1ª ed. | ||
| 260 |
_aLa Habana _bDe Ciencias Sociales _c1992 |
||
| 300 |
_a553 p. _bil. |
||
| 490 | 0 | _aTextos martinianos | |
| 500 | _aContiene cronología en p. 524 | ||
| 650 | 4 | _aANTOLOGIAS | |
| 650 | 4 | _aENSAYO | |
| 650 | 4 | _aESCRITORES | |
| 650 | 4 | _aCRITICA LITERARIA | |
| 650 | 4 | _aPERIODISMO | |
| 650 | 4 | _aCOMPOSICION LITERARIA | |
| 650 | 4 | _aPOESIA | |
| 650 | 4 | _aLITERATURA LATINOAMERICANA | |
| 650 | 4 | _aLITERATURA DE FICCION | |
| 653 | _aMODERNISMO | ||
| 653 | _aLITERATURA CUBANA | ||
| 653 | _aGENERO EPISTOLAR | ||
| 655 | _aLITERATURA | ||
| 700 | 1 |
_aHidalgo Paz, Ibrahim _ecomentarista |
|
| 710 | 2 | _aCentro de Estudios Martinianos | |
| 942 | _cBK | ||
| 998 | _cMARTIN | ||
| 999 |
_c10792 _d10792 |
||